Atti di Goberno, Serie VI:1789

שמור ב:
מידע ביבליוגרפי
מחבר ראשי: Beccaria, Cesare (Author)
פורמט: ספר
שפה:איטלקית
יצא לאור: Milán Mediobanca 2004
סדרה:Edizione Nazionale delle Opere di Cesare Beccaria, 11
נושאים:
תגים: הוספת תג
אין תגיות, היה/י הראשונ/ה לתייג את הרשומה!

MARC

LEADER 00000nam a2200000 a 4500
001 UCG6469
003 CL-VaPUC
008 110428e20040000IT |||||||||||||||||ita|d
082 0 4 |a 808.369358  |b BEC  |2 21 
100 0 |a Beccaria, Cesare   |e author  |9 548160 
245 1 0 |a Atti di Goberno, Serie VI:1789 
300 |a 969 p 
942 |c BK 
945 |d 20110428 00:00:00  |a cmena 
260 |a Milán  |b Mediobanca  |c 2004 
500 |a Incluye glosario 
600 0 7 |a BECCARIA, CESARE BONESANA, MARQUES DE  |2 CL-VaPUC  |9 515532 
650 0 |a Correspondencia  |9 258963 
650 0 |a Política  |9 255312 
583 |a last modification  |c 20110428 00:00:00  |k Rodrigo Vera 
490 0 |a Edizione Nazionale delle Opere di Cesare Beccaria, 11 
999 |c 344692  |d 344690 
952 |0 0  |1 0  |4 0  |6 808_369358000000000_BEC_2004  |7 0  |8 DER_HIS  |9 442827  |a BIBDER  |b BIBDER  |d 2019-11-22  |i 4769503  |l 1  |o 808.369358 BEC 2004  |p 4769503  |r 2023-01-25  |s 2020-03-17  |w 2019-11-22  |x Ubicación 4to Piso  |y BK  |z Estos recursos deben solicitarse con anticipación  |k DER